| 000 | 00534nam a2200157Ia 4500 | ||
|---|---|---|---|
| 008 | 220217s9999 xx 000 0 und d | ||
| 100 | _aVidhya Varghese | ||
| 245 | 0 | _aPCR amplification of the gene coding for a Hevein like protein from Hevea brasiliensis | |
| 260 |
_bPeriyar University _a Salem |
||
| 300 | _a28 | ||
| 500 | _aAvailable at Biotechnology | ||
| 500 | _aCourse: M.Sc. | ||
| 700 | _aDr A Thulaseedharan | ||
| 850 | _aVivekananda College of Arts and Science for Women, Peiryar Univeristy, Thiruchengodu | ||
| 942 | _cTS | ||
| 999 |
_c74230 _d74230 |
||